文明VI全领袖和文明 - Statistics

General Stats
  • This quiz has been taken 23 times
  • The average score is 49 of 136
Answer Stats
ANSWER % Correct
中国
100%
英格兰
94%
日本
88%
德国
88%
罗马
88%
美国
88%
法国
82%
埃及
82%
西班牙
82%
波斯
82%
印度
76%
希腊
76%
蒙古
76%
秦始皇
76%
阿拉伯
71%
俄罗斯
71%
朝鲜
71%
奥斯曼
71%
阿兹特克
65%
瑞典
65%
玛雅
65%
挪威
59%
波兰
59%
澳大利亚
59%
高棉
59%
荷兰
59%
越南
59%
葡萄牙
59%
苏美尔
53%
巴西
53%
马其顿
47%
印加
47%
巴比伦
47%
印度尼西亚
41%
毛利
41%
加拿大
41%
埃塞俄比亚
41%
成吉思汗
41%
刚果
35%
北条时宗
35%
甘地
35%
维多利亚
35%
斯基泰
29%
祖鲁
29%
马里
29%
大哥伦比亚
29%
高卢
29%
亚历山大
29%
忽必烈
29%
武则天
29%
克里
24%
格鲁吉亚
24%
匈牙利
24%
拜占庭
24%
吉尔伽美什
24%
图拉真
24%
居鲁士
24%
世宗大王
24%
萨拉丁
18%
彼得
18%
蒙特祖玛
18%
威廉明娜
18%
马普切
12%
苏格兰
12%
戈尔戈
12%
伯里克利
12%
雅德维加
12%
塔玛丽
12%
善德
12%
阿基坦的埃莉诺
12%
六日夫人
12%
汉谟拉比
12%
赵夫人
12%
伊丽莎白一世
12%
拉美西斯二世
12%
德川家康
12%
努比亚
6%
腓尼基
6%
凯瑟琳·德·美第奇
6%
哈拉尔德·哈德拉达
6%
泰迪·罗斯福
6%
佩德罗二世
6%
约翰·科廷
6%
阇耶跋摩七世
6%
旃陀罗笈多
6%
莱夫扎茹
6%
库佩
6%
帕查库特克
6%
曼沙·穆萨
6%
克里斯蒂娜
6%
苏莱曼一世
6%
西蒙·玻利瓦尔
6%
亚伯拉罕·林肯
6%
永乐皇帝
6%
路德维希二世
6%
托米丽司
0%
弗里德里克·巴巴罗萨
0%
克利奥帕特拉
0%
菲利普二世
0%
姆本巴·恩津加
0%
特丽布瓦那
0%
阿曼妮托尔
0%
庞德梅克
0%
罗伯特一世
0%
恰卡
0%
匈提雅·马加什
0%
威尔弗里德·劳雷尔
0%
狄多
0%
孟尼利克二世
0%
巴兹尔二世
0%
安比奥里克斯
0%
若昂三世
0%
恩津加·姆班德
0%
松迪亚塔·凯塔
0%
纳迪尔沙阿
0%
狄奥多拉
0%
No matching quizzes found
Score Distribution
Percent of People with Each Score
Percentile by Number Answered
Your Score History
You have not taken this quiz